Statistics for Top 10 Producers of Oil in the World in 2017

Click here to take the quiz!

General Stats

  • This quiz has been taken 50 times
    (8 since last reset)
  • The average score is 7 of 10

Answer Stats

HintAnswer% Correct
270 billionSaudi Arabia
100%
103 billionRussia
86%
144 billionIraq
86%
158 billionIran
86%
173 billionCanada
86%
37 billionNigeria
71%
104 billionKuwait
71%
298 billionVenezuela
57%
48 billionLibya
29%
98 billionUae
29%

Score Distribution

Percentile by Number Answered

Percent of People with Each Score

Your Score History

You have not taken this quiz since the last reset